| 000 | 00838nam a2200265Ia 4500 | ||
|---|---|---|---|
| 003 | OSt | ||
| 005 | 20220927105313.0 | ||
| 006 | a|||||r|||| 00| 0 | ||
| 007 | ta | ||
| 008 | 220926b |||||||| |||| 00| 0 eng d | ||
| 020 | _a9840512755 | ||
| 024 | _a168686 | ||
| 037 | _cReference Collections | ||
| 040 |
_aRTL _cRTL _beng |
||
| 041 |
_2eng _aeng |
||
| 082 | _a"X9(M7;3):2.20a44Q71, N5" | ||
| 100 |
_aVAN SCHENDEL Willem _9371541 |
||
| 245 | 0 | _aReving a rural industry Silk producers and officials in India and Bangladesh | |
| 260 |
_aDhaka _bUniversity Press _c1995 |
||
| 300 |
_a249p _ccm. |
||
| 500 | _aBibliography P 237-246; Appendix P 228-231; Glossary P 4-7 | ||
| 650 | _aINDUSTRIES | ||
| 942 |
_h"X9(M7;3):2.20a44Q71, N5" _cCC |
||
| 999 |
_c691690 _d691690 |
||